000 01459nam a2200421 c 4500
001 52229
003 ES-MaCES
005 20251115040005.0
008 220419s2021 sp 000 | spa d
017 _aAB 586-2021
_bDL
020 _a9788418330667
040 _aES-MaCES
_bspa
_cES-MaCES
245 1 3 _aNuevas formas de negociación colectiva en la empresa digital
_cJosé Manuel Gómez Muñoz (dir.) ; Juan Manuel Moreno Díaz (coord.) ; [autores], Carmen Sáez Lara ... [et al.]
250 _a1ª ed
260 _aAlbacete
_bBomarzo
_c2021
300 _a281 p.
_c24 cm
490 1 _aColección Estudios
541 _cCompra
650 4 _aeconomía colaborativa
_937923
650 4 _anuevas tecnologías
_930788
650 4 _ainteligencia artificial
_930166
650 4 _aempresa
_928178
650 4 _aestrategia empresarial
_930601
650 4 _arelaciones laborales
_928369
650 4 _anegociación colectiva
_928362
650 4 _ateletrabajo
_929568
650 4 _anorma internacional del trabajo
_930609
650 4 _aderecho del trabajo
_927165
650 4 _aEspaña
_926964
650 4 _arégimen jurídico
_929894
653 1 0 _aRelaciones laborales-Empleo
700 1 _913662
_aGómez Muñoz, José Manuel
_edir.
700 1 _938515
_aMoreno Díaz, Juan Manuel
_ecoord.
700 1 _922993
_aSáez Lara, Carmen
830 0 _aColección Estudios (Editorial Bomarzo)
_939568
902 _aLIB Libro
942 _2CES
_cBK
_h2.0.
999 _c52229
_d52229